ბათუმის შოთა რუსთაველის სახელმწიფო უნივერსიტეტის ბიბლიოთეკა

Практические занятия по математике (ბიბ.ჩანაწერი № 38908)

000 -LEADER
fixed length control field 00655nam a2200205Ia 4500
001 - CONTROL NUMBER
control field 5327
003 - CONTROL NUMBER IDENTIFIER
control field GE_BSU
008 - FIXED-LENGTH DATA ELEMENTS--GENERAL INFORMATION
fixed length control field 181216s||||||||xx |||||||||||||| ||und||
040 ## - CATALOGING SOURCE
Transcribing agency GE_BSU
080 ## - UNIVERSAL DECIMAL CLASSIFICATION NUMBER
Universal Decimal Classification number 51(075.3)2
100 ## - MAIN ENTRY--PERSONAL NAME
Personal name Богомолов, Н.В.
245 ## - TITLE STATEMENT
Title Практические занятия по математике
245 ## - TITLE STATEMENT
Remainder of title Учебное пособие для средних специльных учеб завед.
260 ## - PUBLICATION, DISTRIBUTION, ETC.
Place of publication, distribution, etc. Москва
260 ## - PUBLICATION, DISTRIBUTION, ETC.
Name of publisher, distributor, etc. Высшая шлола
260 ## - PUBLICATION, DISTRIBUTION, ETC.
Date of publication, distribution, etc. 1983
300 ## - PHYSICAL DESCRIPTION
Extent 398 с. 22см.
653 ## - INDEX TERM--UNCONTROLLED
Uncontrolled term Практические занятия по математике
942 ## - ADDED ENTRY ELEMENTS (KOHA)
Koha item type წიგნი
ეგზემპლარები
Withdrawn status Lost status Damaged status Not for loan Date acquired Barcode Date last seen Price effective from Koha item type
        2018-12-17 16558 2018-12-17 2018-12-17 წიგნი